Lyrics to 'Dawns' by Zach Bryan and Maggie Rogers - Statistics

General Stats
  • This quiz has been taken 68 times
  • The average score is 305 of 362
Answer Stats
Answer % Correct
a
100%
dawn
100%
I
100%
me
100%
on
100%
all
98%
All
98%
my
98%
the
98%
Cause
95%
cause
95%
dawns
95%
was
95%
you
95%
do
93%
Do
93%
he
93%
Oh
93%
oh
93%
what
93%
What
93%
be
91%
is
91%
It
91%
it
91%
I've
91%
to
91%
up
91%
Wake
91%
wasted
91%
when
91%
and
88%
And
88%
back
88%
Give
88%
gone
88%
in
88%
season's
88%
even
86%
home
86%
I'm
86%
just
86%
time
86%
by
84%
dawned
84%
I'll
84%
its
84%
love
84%
she
84%
So
84%
way
84%
as
81%
best
81%
dies
81%
Everything
81%
everything
81%
halfway
81%
makes
81%
that
81%
friend's
79%
fucked
79%
get
79%
hell
79%
her
79%
life
79%
miss
79%
passing
79%
through
79%
about
77%
another
77%
drug
77%
fighting
77%
for
77%
have
77%
Jesus
77%
last
77%
lost
77%
never
77%
said
77%
thing
77%
wakes
77%
we
77%
are
74%
attack
74%
evening
74%
heart
74%
mother's
74%
need
74%
one
74%
begging
72%
clothes
72%
grown
72%
Love's
72%
mistake
72%
records
72%
war
72%
fleeting
70%
July
70%
mama's
70%
praying
70%
scared
70%
small
70%
southern
70%
victory
70%
fair
67%
front
67%
goddamn
67%
how
67%
porch
67%
victim
67%
walls
67%
of
65%
us
65%
your
65%
drawl
60%
bigger
58%
both
58%
than
58%
believe
56%
him
56%
something
56%
out
53%
shooting
53%
stars
53%
told
53%
going
51%
twice
49%
bars
47%
not
47%
left
44%
what's
44%
worrying
42%
bout
37%
got
37%
shoulda
21%
No matching quizzes found
Score Distribution
Percent of People with Each Score
Percentile by Number Answered
Your Score History
You have not taken this quiz